| 000 | 00604nam a22001937a 4500 | ||
|---|---|---|---|
| 005 | 20090303102833.0 | ||
| 008 | 090303t xxu||||| |||| 00| 0 eng d | ||
| 022 | _a0971-684X | ||
| 037 | _bDPL/PUB | ||
| 245 | _aNamah | ||
| 260 |
_aPondicherry _bSri Aurobindo Society _c2009- |
||
| 300 |
_av. _c24 cm |
||
| 310 | _aQuarterly | ||
| 500 | _aa monthly journal of yoga way of life | ||
| 270 |
_bPondicherry _mnamah@sriaurobindosociety.org.in _e605001 |
||
| 365 | _bRs. 150.00 per annum | ||
| 942 |
_2ddc _cSR _s1 |
||
| 999 |
_c24663 _d24663 |
||